Statistics for Super Sentai/Power Rangers

Click here to take the quiz!

General Stats

  • This quiz has been taken 475 times
    (92 since last reset)
  • The average score is 19 of 25

Answer Stats

HintAnswer% Correct
Power Rangers TurboGekisou Sentai Carranger
93%
Power Rangers Time ForceMirai Sentai Timeranger
93%
Power Rangers Mystic ForceMahou Sentai Magiranger
92%
Power Rangers Dino ThunderBakuryuu Sentai Abaranger
90%
Power Rangers R.P.MEngine Sentai Go-Onger
90%
Power Rangers S.P.DTokusou Sentai Dekaranger
90%
Power Rangers ZeoCouriki Sentai Ohranger
89%
Power Rangers Wild ForceHyakujuu Sentai Gaoranger
89%
Mighty Morphin Power Rangers Season 1-3Kyoryu Sentai Zyuranger
89%
Power Rangers In SpaceDenji Sentai Megaranger
87%
Power Rangers Operation OverdriveGoGo Sentai Boukenger
87%
Power Rangers Jungle FuryJuken Sentai Gekiranger
87%
Power Rangers Super MegaforceKaizoku Sentai Gokaiger
87%
Power Rangers Lost GalaxySeijuu Sentai Gingaman
87%
Power Rangers MegaforceTensou Sentai Goseiger
87%
White Ranger suit from MMPR and Zords from seasons 2/3Gosei Sentai Dairanger
86%
Mighty Morphin Alien RangersNinja Sentai Kakuranger
83%
Power Rangers Beast MorphersTokumei Sentai Go-Busters
82%
Power Rangers Ninja SteelShuriken Sentai Ninninger
80%
Power Rangers Ninja StormNinpu Sentai Hurricaneger
76%
Power Rangers Lightspeed ResueKyukyu Sentai GoGo-V
75%
Power Rangers Dino ChargeZyuden Sentai Kyoryuger
69%
Supersonic RangersChikkyu Sentai Fiveman
32%
Power Rangers Samurai/SuperSamuraiSamurai Sentai Shikenger
23%
Power Rangers Dino FuryKishiryu Sentai Ryosoulger
3%

Score Distribution

Percentile by Number Answered

Percent of People with Each Score

Your Score History

You have not taken this quiz since the last reset